| 000 | 00799nam a2200217 a 4500 | ||
|---|---|---|---|
| 005 | 20231017063716.0 | ||
| 008 | 030514s1999 br r 000 0 por d | ||
| 020 | _a8586738085 | ||
| 035 | _aUPN01000124100 | ||
| 049 | _aCG | ||
| 050 | 4 |
_aHN283.5 _bA4.7 |
|
| 245 | 0 | 0 |
_aAgruras e prazeres de uma pesquisadora : _bensaios sobre a sociologia de María Isaura Pereira de Queiroz / _ced. Ethel Volfzon Kosminsky ; colab. Marcos César Alvarez. |
| 260 |
_aMarilía, Br. : _bUnesp Marilía Publicacoes : _bFAPESP, _c1999. |
||
| 300 | _a323 p. | ||
| 651 | 4 |
_aBRASIL - _xCONDICIONES SOCIALES _99387 |
|
| 600 | 1 | 4 | _aQUEIROZ, MARIA ISAURA PEREIRA DE, |
| 650 | 4 |
_aSociología _xInvestigación _97968 |
|
| 700 | 1 |
_aVolfzon Kosminsky, Ethel, _eed. |
|
| 700 | 1 |
_aAlvarez, Marcos César, _ecolab. |
|
| 905 | _aLibro | ||
| 999 |
_c96279 _d96279 |
||